Clubs de Premier League (2025-2026) - Statistiques

Statistiques générales
  • Ce quiz a été pris 385 fois
  • Le résultat moyen est 14 sur 20
Statistiques - réponses
Premier League % Correct
Manchester City
99%
Manchester United
98%
Liverpool
96%
Arsenal
95%
Chelsea
91%
Tottenham
81%
Aston Villa
75%
Newcastle
67%
West Ham
64%
Brighton
63%
Sunderland
61%
Leeds United
60%
Wolverhampton
60%
Crystal Palace
58%
Everton
58%
Nottingham Forest
57%
Burnley
55%
Bournemouth
53%
Brentford
50%
Fulham
50%
Aucun quiz correspondant
Distribution des résultats
% des personnes avec chaque résultat
Percentile par nombre de réponses
Votre historique - résultats
Vous n’avez pas pris ce quiz